[Event "GBR-ch 100th"]
[Site "Torquay"]
[Date "2013.08.02"]
[Round "5"]
[White "Smith, Andrew Philip"]
[Black "Flear, Glenn C"]
[Result "0-1"]
[WhiteElo "2110"]
[BlackElo "2456"]
[PlyCount "82"]
[EventDate "2013.07.29"]
[EventType "swiss"]
[EventRounds "11"]
[EventCountry "GBR"]
[Source "John Saunders"]
[SourceDate "2015.07.24"]

1. e4 e5 2. d4 exd4 3. Qxd4 Nc6 4. Qe3 Nf6 5. Nc3 Bb4 6. Bd2 O-O 7. O-O-O Re8
8. Bc4 d6 9. f3 Na5 10. Be2 d5 11. Nxd5 Nxd5 12. Qd3 Qf6 13. exd5 Bf5 14. Qb5
Bxd2+ 15. Rxd2 b6 16. g4 Bg6 17. Nh3 h5 18. Rf1 c6 19. dxc6 Nxc6 20. Rfd1 Rac8
21. Bd3 Nd4 22. Qg5 Nxf3 23. Qxf6 gxf6 24. Rf2 Bxd3 25. Rxd3 Re1+ 26. Rd1 Rxd1+
27. Kxd1 hxg4 28. Nf4 Kg7 29. h3 f5 30. Rg2 Re8 31. Ne2 Re4 32. c3 Kf6 33. hxg4
fxg4 34. Ng3 Re1+ 35. Kc2 Kg5 36. Ne2 f5 37. a4 f4 38. Kd3 Ra1 39. Ke4 Re1 40.
Kd3 Ne5+ 41. Kd2 Rf1 0-1

[Event "GBR-ch 100th"]
[Site "Torquay"]
[Date "2013.08.02"]
[Round "5"]
[White "Tambini, Jasper"]
[Black "Eames, Robert"]
[Result "1/2-1/2"]
[WhiteElo "1979"]
[BlackElo "2244"]
[PlyCount "35"]
[EventDate "2013.07.29"]
[EventType "swiss"]
[EventRounds "11"]
[EventCountry "GBR"]
[Source "John Saunders"]
[SourceDate "2015.07.24"]

1. e4 e5 2. Nf3 Nc6 3. Bb5 f5 4. Nc3 Nf6 5. Qe2 fxe4 6. Nxe4 d5 7. Nxf6+ gxf6
8. d4 Bg7 9. dxe5 O-O 10. Bxc6 bxc6 11. e6 Re8 12. O-O c5 13. Rd1 Bxe6 14. Bf4
Rb8 15. b3 Rb4 16. c4 d4 17. Re1 Rb8 18. Qd3 1/2-1/2

[Event "GBR-ch 100th"]
[Site "Torquay"]
[Date "2013.08.02"]
[Round "5"]
[White "Wadsworth, Matthew J"]
[Black "Oyama, Akito"]
[Result "1-0"]
[WhiteElo "2136"]
[BlackElo "1966"]
[PlyCount "73"]
[EventDate "2013.07.29"]
[EventType "swiss"]
[EventRounds "11"]
[EventCountry "GBR"]
[Source "John Saunders"]
[SourceDate "2015.07.24"]

1. c4 e5 2. g3 Nf6 3. Bg2 Nc6 4. Nc3 Bc5 5. a3 a6 6. e3 O-O 7. Nge2 Ba7 8. O-O
d6 9. d3 Be6 10. b4 d5 11. cxd5 Nxd5 12. Bb2 Qd7 13. Qc2 Nxc3 14. Nxc3 Bh3 15.
Rfd1 Bxg2 16. Kxg2 f5 17. Qb3+ Kh8 18. Qd5 Qe8 19. Ne2 Rd8 20. Qc4 Qh5 21. d4
f4 22. exf4 exf4 23. Nxf4 Rxf4 24. gxf4 Qg4+ 25. Kf1 Qh3+ 26. Ke1 Re8+ 27. Kd2
Qxh2 28. Qf7 Qxf2+ 29. Kc1 Qe3+ 30. Kb1 Bxd4 31. Bxd4 Qe4+ 32. Kc1 Nxd4 33.
Rxd4 Qe3+ 34. Kc2 Qe2+ 35. Rd2 Qe4+ 36. Kb2 Qe3 37. Rad1 1-0

[Event "GBR-ch 100th"]
[Site "Torquay"]
[Date "2013.08.02"]
[Round "5"]
[White "Walker, Samuel"]
[Black "Purdon, Colin"]
[Result "1/2-1/2"]
[WhiteElo "1978"]
[BlackElo "2140"]
[PlyCount "34"]
[EventDate "2013.07.29"]
[EventType "swiss"]
[EventRounds "11"]
[EventCountry "GBR"]
[Source "John Saunders"]
[SourceDate "2015.07.24"]

1. g3 Nf6 2. Bg2 e5 3. c4 c6 4. d4 exd4 5. Qxd4 Na6 6. Nf3 Bc5 7. Qd1 d5 8. O-O
O-O 9. cxd5 Nb4 10. Nc3 Nbxd5 11. Na4 Be7 12. Re1 h6 13. Qb3 Bb4 14. Bd2 Qe7
15. Bxb4 Nxb4 16. a3 Na6 17. Rac1 Be6 1/2-1/2

[Event "GBR-ch 100th"]
[Site "Torquay"]
[Date "2013.08.02"]
[Round "5"]
[White "Ward, Christopher"]
[Black "Yeo, Michael J"]
[Result "1-0"]
[WhiteElo "2432"]
[BlackElo "2170"]
[PlyCount "55"]
[EventDate "2013.07.29"]
[EventType "swiss"]
[EventRounds "11"]
[EventCountry "GBR"]
[Source "John Saunders"]
[SourceDate "2015.07.24"]

1. d4 Nf6 2. c4 g6 3. Nc3 d5 4. Nf3 Bg7 5. h4 c5 6. dxc5 Qa5 7. cxd5 Ne4 8. Bd2
Nxc3 9. Bxc3 Bxc3+ 10. bxc3 Qxc3+ 11. Nd2 Bd7 12. Rc1 Qa3 13. e4 Na6 14. Bxa6
Qxa6 15. Qb3 O-O 16. h5 Rac8 17. hxg6 fxg6 18. f3 Rfe8 19. Kf2 e6 20. d6 Qa5
21. Qe3 Rf8 22. a3 Rc6 23. e5 Qb5 24. Rb1 Qxc5 25. Rxb7 Rf7 26. Qxc5 Rxc5 27.
Ne4 Rc2+ 28. Kg3 1-0

[Event "GBR-ch 100th"]
[Site "Torquay"]
[Date "2013.08.02"]
[Round "5"]
[White "Waters, Clive L"]
[Black "Gill, Oliver"]
[Result "1-0"]
[WhiteElo "2129"]
[BlackElo "1974"]
[PlyCount "64"]
[EventDate "2013.07.29"]
[EventType "swiss"]
[EventRounds "11"]
[EventCountry "GBR"]
[Source "John Saunders"]
[SourceDate "2015.07.24"]

1. Nf3 d5 2. d4 Nc6 3. g3 Bg4 4. Nbd2 Qd7 5. h3 Bf5 6. c3 f6 7. Nh4 Be6 8. Bg2
g5 9. Nhf3 Bf5 10. b4 a6 11. Nb3 b6 12. a4 Nh6 13. h4 g4 14. Nfd2 e6 15. O-O
Bg6 16. e4 Bg7 17. exd5 exd5 18. Re1+ Kf7 19. Nf1 Rhe8 20. Bf4 Rxe1 21. Qxe1
Re8 22. Ne3 Be4 23. Qf1 Bxg2 24. Kxg2 Nb8 25. c4 c6 26. cxd5 Nf5 27. Qc4 Nxe3+
28. fxe3 cxd5 29. Qd3 Rc8 30. Qxh7 f5 31. Be5 Rg8 32. Rf1 Ke8 1-0

[Event "GBR-ch 100th"]
[Site "Torquay"]
[Date "2013.08.02"]
[Round "5"]
[White "Weller, Jean Luc"]
[Black "Foo, William"]
[Result "1-0"]
[WhiteElo "2172"]
[BlackElo "2090"]
[PlyCount "61"]
[EventDate "2013.07.29"]
[EventType "swiss"]
[EventRounds "11"]
[EventCountry "GBR"]
[Source "John Saunders"]
[SourceDate "2015.07.24"]

1. d4 d5 2. c4 c6 3. Nf3 Nf6 4. e3 Bg4 5. Qb3 Qb6 6. Nc3 e6 7. Nh4 Na6 8. Bd3
Nb4 9. Bb1 dxc4 10. Qxc4 Qa5 11. a3 Nbd5 12. h3 Bh5 13. e4 Nxc3 14. bxc3 Be7
15. g4 Nd7 16. gxh5 Bxh4 17. e5 O-O-O 18. Be4 f6 19. Rb1 Qc7 20. Rg1 fxe5 21.
Rxg7 exd4 22. cxd4 Rhf8 23. Be3 Rg8 24. Rxg8 Rxg8 25. Qxe6 Qa5+ 26. Ke2 Rf8 27.
d5 Rf6 28. Qe8+ Kc7 29. d6+ Rxd6 30. Bf4 Qc5 31. Bxd6+ 1-0

[Event "GBR-ch 100th"]
[Site "Torquay"]
[Date "2013.08.03"]
[Round "6"]
[White "Arkell, Keith C"]
[Black "Fernandez, Daniel Howard"]
[Result "1-0"]
[WhiteElo "2444"]
[BlackElo "2346"]
[PlyCount "121"]
[EventDate "2013.07.29"]
[EventType "swiss"]
[EventRounds "11"]
[EventCountry "GBR"]
[Source "John Saunders"]
[SourceDate "2015.07.24"]

1. d4 Nf6 2. Nf3 g6 3. c4 Bg7 4. Nc3 O-O 5. g3 d5 6. cxd5 Nxd5 7. Bg2 Nb6 8.
O-O Nc6 9. e3 Re8 10. b3 e5 11. Nxe5 Nxe5 12. dxe5 Bxe5 13. Bb2 c6 14. Qc2 Qe7
15. Rfe1 a5 16. f4 Bg7 17. Ne4 Bf5 18. Bxg7 Bxe4 19. Qb2 Bxg2 20. Kxg2 Nd7 21.
Bd4 Nc5 22. Qc2 Qe4+ 23. Qxe4 Nxe4 24. Rac1 Rad8 25. Rc2 Rd5 26. Rec1 c5 27.
Bxc5 Nxc5 28. Rxc5 Rd2+ 29. Kf3 Rxa2 30. Rc7 b5 31. Rb7 b4 32. Rcc7 Rf8 33. Rc5
Re8 34. e4 Ra3 35. Kg4 Rxb3 36. Rxa5 Re3 37. e5 Re4 38. Kf3 Re1 39. Raa7 Rf8
40. Rxb4 h5 41. Rbb7 g5 42. h3 Kg7 43. Re7 gxf4 44. gxf4 Kg8 45. Kf2 Re4 46.
Kg3 Re3+ 47. Kh4 Rf3 48. Kg5 Rg3+ 49. Kf5 Rxh3 50. Kf6 Rf3 51. f5 Rf1 52. Ra2
Rg1 53. Rh2 Rg7 54. Rxh5 Ra8 55. Rd7 Rf8 56. Rg5 Rxg5 57. Kxg5 f6+ 58. Kg6 fxe5
59. f6 Ra8 60. Rg7+ Kf8 61. Rh7 1-0

[Event "GBR-ch 100th"]
[Site "Torquay"]
[Date "2013.08.03"]
[Round "6"]
[White "Balaji, Ananthanarayanan"]
[Black "Surtees, Michael"]
[Result "1-0"]
[WhiteElo "1946"]
[BlackElo "2106"]
[PlyCount "69"]
[EventDate "2013.07.29"]
[EventType "swiss"]
[EventRounds "11"]
[EventCountry "GBR"]
[Source "John Saunders"]
[SourceDate "2015.07.24"]

1. e4 c6 2. d4 d5 3. exd5 cxd5 4. c4 e6 5. Nc3 Nc6 6. Nf3 Bb4 7. Bd3 Nge7 8.
O-O f6 9. a3 Bd6 10. Qc2 g5 11. cxd5 exd5 12. Re1 g4 13. Nh4 Kf7 14. Be3 a6 15.
Nf5 Nxf5 16. Bxf5 Ne7 17. Bxc8 Rxc8 18. Qb3 b6 19. Re2 b5 20. Rae1 Rc4 21. Qc2
Qc7 22. g3 Qd7 23. Bf4 Nc6 24. Bxd6 Qxd6 25. Qf5 Rg8 26. Re6 Qd8 27. Qxh7+ Rg7
28. Qh5+ Rg6 29. Nxd5 Kg7 30. Re7+ Nxe7 31. Rxe7+ Qxe7 32. Nxe7 Rg5 33. Qe8 f5
34. Qg8+ Kf6 35. Nd5# 1-0

[Event "GBR-ch 100th"]
[Site "Torquay"]
[Date "2013.08.03"]
[Round "6"]
[White "Bonafont, Philip"]
[Black "Armstrong, Malcolm J"]
[Result "1/2-1/2"]
[WhiteElo "2084"]
[BlackElo "2014"]
[PlyCount "82"]
[EventDate "2013.07.29"]
[EventType "swiss"]
[EventRounds "11"]
[EventCountry "GBR"]
[Source "John Saunders"]
[SourceDate "2015.07.24"]

1. d4 d5 2. Bf4 Nf6 3. e3 c5 4. c3 Qb6 5. Qb3 c4 6. Qc2 g6 7. Nd2 Bf5 8. Qc1
Bg7 9. Ngf3 Nbd7 10. h3 O-O 11. Be2 Ne4 12. Nxe4 Bxe4 13. O-O Bxf3 14. Bxf3 Nf6
15. Qc2 Rac8 16. Rfe1 e6 17. Be5 Rfe8 18. Re2 Nd7 19. Bxg7 Kxg7 20. e4 Nf6 21.
e5 Ng8 22. Rae1 Qd8 23. Qd2 Qa5 24. a3 Qd8 25. Qf4 Rc6 26. g4 h6 27. Kg2 Qh4
28. Qg3 Qxg3+ 29. Kxg3 Ne7 30. h4 Rb8 31. Rd2 b5 32. Ra1 Rcb6 33. Bd1 a5 34. f3
Nc6 35. Kf2 Ne7 36. Ke3 Rc8 37. Bc2 Rc7 38. Rdd1 Rcb7 39. Rdb1 Nc6 40. Kd2 Rb8
41. Ke3 R8b7 1/2-1/2

[Event "GBR-ch 100th"]
[Site "Torquay"]
[Date "2013.08.03"]
[Round "6"]
[White "Broadley, Henry"]
[Black "Graham, David Bruce"]
[Result "1/2-1/2"]
[WhiteElo "1953"]
[BlackElo "2165"]
[PlyCount "128"]
[EventDate "2013.07.29"]
[EventType "swiss"]
[EventRounds "11"]
[EventCountry "GBR"]
[Source "John Saunders"]
[SourceDate "2015.07.24"]

1. d4 Nf6 2. c4 g6 3. Nc3 Bg7 4. e4 d6 5. f3 O-O 6. Be3 Nc6 7. Nge2 e5 8. d5
Ne7 9. Qd2 c5 10. dxc6 Nxc6 11. Rd1 Be6 12. Nc1 Nd4 13. Nb3 Nxb3 14. axb3 Ne8
15. Nb5 a6 16. Nxd6 Nxd6 17. Qxd6 Qa5+ 18. Bd2 Qd8 19. Qxd8 Rfxd8 20. Bg5 f6
21. Be3 Bf8 22. Be2 Rxd1+ 23. Kxd1 b5 24. Kc2 Rc8 25. Kc3 a5 26. Rc1 b4+ 27.
Kc2 Bc5 28. Bxc5 Rxc5 29. Rd1 Kf7 30. Rd8 Ke7 31. Rh8 h5 32. h4 Bf7 33. Rb8 Be8
34. g4 g5 35. Rb7+ Ke6 36. gxh5 Bxh5 37. Rh7 Bf7 38. hxg5 fxg5 39. Rh6+ Ke7 40.
Bf1 Be6 41. Rg6 g4 42. fxg4 Kf7 43. Rh6 Bxg4 44. Rh7+ Ke8 45. Bh3 Bxh3 46. Rxh3
Kd7 47. Rd3+ Kc6 48. Rd5 Kb6 49. Kd3 Rc7 50. Rxe5 Rh7 51. Re8 Rh2 52. Rb8+ Kc6
53. Rb5 Rxb2 54. Rxa5 Rxb3+ 55. Kd4 Rb1 56. Rb5 Rd1+ 57. Ke3 Re1+ 58. Kd3 Rd1+
59. Kc2 Rd4 60. Rxb4 Rxe4 61. Kd3 Rh4 62. Rb5 Rh3+ 63. Kd4 Rh4+ 64. Kc3 Rh1
1/2-1/2

[Event "GBR-ch 100th"]
[Site "Torquay"]
[Date "2013.08.03"]
[Round "6"]
[White "Carr, Neil L"]
[Black "Hegarty, Sarah"]
[Result "1-0"]
[WhiteElo "2290"]
[BlackElo "2124"]
[PlyCount "53"]
[EventDate "2013.07.29"]
[EventType "swiss"]
[EventRounds "11"]
[EventCountry "GBR"]
[Source "John Saunders"]
[SourceDate "2015.07.24"]

1. e4 c5 2. d4 cxd4 3. c3 dxc3 4. Nxc3 Nc6 5. Nf3 d6 6. Bc4 a6 7. O-O Nf6 8.
Bf4 Bg4 9. Qb3 e6 10. h3 Bxf3 11. gxf3 Qd7 12. Rfd1 e5 13. Bg5 Nd4 14. Rxd4
exd4 15. Bxf6 dxc3 16. Bxc3 h5 17. Bd5 Rb8 18. Re1 f6 19. f4 Be7 20. Bf7+ Kf8
21. Bg6 Bd8 22. Bb4 Bc7 23. Rd1 Rh6 24. f5 Rxg6+ 25. fxg6 Qe8 26. Rxd6 Qxg6+
27. Kf1 1-0

[Event "GBR-ch 100th"]
[Site "Torquay"]
[Date "2013.08.03"]
[Round "6"]
[White "Collier, David"]
[Black "Anderson, John"]
[Result "0-1"]
[WhiteElo "2086"]
[BlackElo "2189"]
[PlyCount "200"]
[EventDate "2013.07.29"]
[EventType "swiss"]
[EventRounds "11"]
[EventCountry "GBR"]
[Source "John Saunders"]
[SourceDate "2015.07.24"]

1. d4 d5 2. c4 c6 3. Nf3 Nf6 4. e3 Bf5 5. cxd5 cxd5 6. Qb3 Qc7 7. Bd2 Nc6 8.
Na3 e6 9. Rc1 Ne4 10. Bb5 Nxd2 11. Kxd2 Rc8 12. Qa4 Bxa3 13. Bxc6+ bxc6 14.
Qxa3 Rb8 15. b3 f6 16. Qa4 Rb6 17. Rc5 Kd7 18. b4 Qb7 19. a3 Ra8 20. Ra5 Rb5
21. Rc1 Rxa5 22. Qxa5 Qb6 23. Rc5 Qxa5 24. Rxa5 Kc7 25. Kc3 Kb6 26. Nd2 e5 27.
Nb3 a6 28. Rc5 Re8 29. Kd2 exd4 30. Nxd4 Bd7 31. a4 Rb8 32. a5+ Kc7 33. Kc3 Kd6
34. Kb3 g5 35. Rc1 f5 36. Kc3 c5 37. bxc5+ Kxc5 38. h3 Kd6 39. Ra1 Rc8+ 40. Kd2
Rc5 41. g3 h6 42. h4 gxh4 43. gxh4 Ke5 44. f4+ Kf6 45. Nf3 Rb5 46. Kc3 Be6 47.
Nd4 Rc5+ 48. Kd2 Bd7 49. Nf3 Be8 50. Ne5 Rb5 51. Kc3 Bh5 52. Kd4 Ke6 53. Rc1
Rb4+ 54. Kc3 Ra4 55. Rb1 d4+ 56. exd4 Rxa5 57. Rb6+ Kd5 58. Nc4 Ra4 59. Rd6+
Ke4 60. Rxh6 Be2 61. Re6+ Kf3 62. Nd2+ Kf2 63. d5 Rxf4 64. d6 Bb5 65. h5 Rh4
66. h6 Kg3 67. Rf6 Kf4 68. d7 Bxd7 69. Rxa6 Rh3+ 70. Kc4 Kg5 71. Rd6 Be8 72.
Kd4 Bg6 73. Rc6 Kxh6 74. Rc3 Rh4+ 75. Ke5 Rb4 76. Rh3+ Kg7 77. Nf3 Re4+ 78. Kd5
Bf7+ 79. Kd6 Be8 80. Rh4 Re3 81. Rf4 Kf6 82. Kd5 Bh5 83. Nd4 Bg4 84. Rf1 Re5+
85. Kc4 Be2+ 86. Nxe2 Rxe2 87. Kd3 Re4 88. Rg1 Ke5 89. Rh1 Kf4 90. Rh4+ Kf3 91.
Rh5 Re3+ 92. Kd2 f4 93. Rg5 Kf2 94. Rh5 Re2+ 95. Kd3 f3 96. Rh2+ Kf1 97. Rh8
Re7 98. Kd2 f2 99. Rf8 Rd7+ 100. Ke3 Ke1 0-1

[Event "GBR-ch 100th"]
[Site "Torquay"]
[Date "2013.08.03"]
[Round "6"]
[White "Duff, Rufus"]
[Black "Harvey, Marcus Ross"]
[Result "1-0"]
[WhiteElo "2157"]
[BlackElo "2202"]
[PlyCount "87"]
[EventDate "2013.07.29"]
[EventType "swiss"]
[EventRounds "11"]
[EventCountry "GBR"]
[Source "John Saunders"]
[SourceDate "2015.07.24"]

1. e4 e6 2. d4 d5 3. Nc3 Nf6 4. Bg5 Be7 5. e5 Ne4 6. Bxe7 Qxe7 7. Nxe4 dxe4 8.
c3 O-O 9. Qc2 f5 10. exf6 Qxf6 11. f3 e3 12. Qe4 Qh6 13. g3 c5 14. f4 cxd4 15.
cxd4 g5 16. Nh3 Bd7 17. Qxe3 Bc6 18. Rg1 g4 19. Ng5 Bd5 20. Bd3 Nc6 21. Bxh7+
Kg7 22. Be4 Rac8 23. Rg2 Rh8 24. Rd1 Qf6 25. Qe2 Nxd4 26. Qxg4 Rh6 27. Nh7+ Qg6
28. Qxg6+ Rxg6 29. Rxd4 Bxe4 30. Rxe4 Kxh7 31. Rd2 Rc7 32. Kf2 Kh6 33. h3 Rf6
34. g4 Kg7 35. h4 Kf7 36. Ke3 Rh6 37. h5 Rh8 38. Kf3 b6 39. Kg3 b5 40. Kh4 Rc1
41. Rd7+ Kf6 42. Re5 Rh1+ 43. Kg3 Rg1+ 44. Kh3 1-0

[Event "GBR-ch 100th"]
[Site "Torquay"]
[Date "2013.08.03"]
[Round "6"]
[White "Eggleston, David"]
[Black "Haria, Ravi"]
[Result "0-1"]
[WhiteElo "2363"]
[BlackElo "2133"]
[PlyCount "77"]
[EventDate "2013.07.29"]
[EventType "swiss"]
[EventRounds "11"]
[EventCountry "GBR"]
[Source "John Saunders"]
[SourceDate "2015.07.24"]

1. e4 e6 2. d4 d5 3. Nc3 Bb4 4. e5 Ne7 5. a3 Bxc3+ 6. bxc3 b6 7. Qg4 Ng6 8. h4
h5 9. Qg3 Ba6 10. Bxa6 Nxa6 11. Qd3 Nb8 12. Nf3 c5 13. Bg5 Qc8 14. a4 Nc6 15.
O-O O-O 16. Nd2 Nce7 17. g4 f6 18. exf6 gxf6 19. gxh5 fxg5 20. hxg6 Rf4 21. Nf3
Qf8 22. Ne5 Rxh4 23. Qg3 Qh6 24. Rae1 Nf5 25. Qg2 Kg7 26. Nf7 Qh5 27. f3 Rh3
28. Rxe6 Rg3 29. Ne5 Rxg2+ 30. Kxg2 Ne3+ 31. Kf2 Nxf1 32. Re7+ Kg8 33. Kxf1
Qh1+ 34. Ke2 Qg2+ 35. Ke1 Qxc2 36. g7 Qxc3+ 37. Kf1 cxd4 38. Ng4 Qxf3+ 39. Nf2
0-1

[Event "GBR-ch 100th"]
[Site "Torquay"]
[Date "2013.08.03"]
[Round "6"]
[White "Foo, William"]
[Black "Jackson, Oliver"]
[Result "1-0"]
[WhiteElo "2090"]
[BlackElo "2207"]
[PlyCount "105"]
[EventDate "2013.07.29"]
[EventType "swiss"]
[EventRounds "11"]
[EventCountry "GBR"]
[Source "John Saunders"]
[SourceDate "2015.07.24"]

1. d4 Nf6 2. c4 c5 3. d5 b5 4. Nf3 d6 5. Qc2 Na6 6. a3 b4 7. e4 g6 8. e5 dxe5
9. Nxe5 Bd7 10. Nxd7 Qxd7 11. axb4 Nxb4 12. Qa4 Bg7 13. Be2 Qxa4 14. Rxa4 Nc2+
15. Kd1 Nd4 16. Be3 Nd7 17. Ra2 O-O 18. Bxd4 Bxd4 19. f3 Rfb8 20. Kc2 Rb4 21.
Nc3 Rab8 22. Rb1 R8b7 23. Nb5 Be5 24. Nxa7 Bxh2 25. Nc6 R4b6 26. Nxe7+ Kg7 27.
Nc6 Ne5 28. Na7 h5 29. Nb5 f5 30. Rba1 Nf7 31. Ra7 Bb8 32. Rxb7 Rxb7 33. Ra6
Re7 34. Bd3 Ne5 35. Ra8 Nxd3 36. Kxd3 Bf4 37. Ra7 Rxa7 38. Nxa7 h4 39. Nc6 Bd6
40. Nd8 g5 41. Nb7 Be5 42. d6 Bxb2 43. d7 Bf6 44. d8=Q Bxd8 45. Nxd8 Kf6 46.
Nb7 g4 47. Ke3 h3 48. gxh3 gxh3 49. Kf2 Ke5 50. Nxc5 Kd4 51. Ne6+ Kxc4 52. Kg3
Kd5 53. Nf4+ 1-0

[Event "GBR-ch 100th"]
[Site "Torquay"]
[Date "2013.08.03"]
[Round "6"]
[White "Friedland, Jon S"]
[Black "Wadsworth, Matthew J"]
[Result "0-1"]
[WhiteElo "2093"]
[BlackElo "2136"]
[PlyCount "98"]
[EventDate "2013.07.29"]
[EventType "swiss"]
[EventRounds "11"]
[EventCountry "GBR"]
[Source "John Saunders"]
[SourceDate "2015.07.24"]

1. e4 e6 2. d4 d5 3. Nc3 Bb4 4. Bd3 dxe4 5. Bxe4 Nf6 6. Bd3 c5 7. Nf3 Nc6 8.
dxc5 Bxc3+ 9. bxc3 O-O 10. O-O e5 11. Bb5 Qa5 12. Bxc6 bxc6 13. Bg5 Qxc5 14.
Qe1 Ba6 15. Bxf6 Bxf1 16. Qd2 gxf6 17. Rxf1 Qd5 18. Qh6 Qe6 19. Nh4 f5 20. Qh5
f4 21. Re1 f5 22. h3 Rae8 23. a3 Qf7 24. Qd1 e4 25. Qd6 f3 26. gxf3 exf3 27.
Rxe8 Qxe8 28. Nxf3 Qg6+ 29. Qxg6+ hxg6 30. Ne5 Rf6 31. Kg2 c5 32. Kf3 Ra6 33.
Ke2 Rxa3 34. Nxg6 Rxc3 35. Kd2 Rxh3 36. Ne7+ Kf7 37. Nxf5 Rf3 38. Nd6+ Ke6 39.
Ne4 Kd5 40. Nc3+ Kc4 41. Nd1 a5 42. Kc1 Kb4 43. Kb2 c4 44. Ka2 c3 45. Ka1 Ka3
46. Kb1 Rh3 47. f4 Rh1 48. Kc1 Kb4 49. f5 Kc5 0-1

[Event "GBR-ch 100th"]
[Site "Torquay"]
[Date "2013.08.03"]
[Round "6"]
[White "Ghasi, Ameet K"]
[Black "Bates, Richard"]
[Result "1-0"]
[WhiteElo "2459"]
[BlackElo "2375"]
[PlyCount "61"]
[EventDate "2013.07.29"]
[EventType "swiss"]
[EventRounds "11"]
[EventCountry "GBR"]
[Source "John Saunders"]
[SourceDate "2015.07.24"]

1. Nf3 Nf6 2. g3 g6 3. Bg2 Bg7 4. O-O O-O 5. d4 d6 6. c4 Nbd7 7. Nc3 e5 8. e4
exd4 9. Nxd4 a6 10. Qc2 Re8 11. Rd1 Qe7 12. b3 Nc5 13. f3 Bd7 14. Bb2 c6 15. b4
Ne6 16. Nde2 a5 17. a3 axb4 18. axb4 Rxa1 19. Bxa1 Bc8 20. Na4 b5 21. cxb5 cxb5
22. Nac3 d5 23. e5 Qa7+ 24. Kh1 Nd7 25. Nxb5 Qb8 26. Nd6 Rd8 27. f4 Nb6 28. f5
Nf8 29. f6 Bh6 30. Nd4 Bg4 31. Nc6 1-0

[Event "GBR-ch 100th"]
[Site "Torquay"]
[Date "2013.08.03"]
[Round "6"]
[White "Gill, Oliver"]
[Black "Smith, Andrew Philip"]
[Result "1/2-1/2"]
[WhiteElo "1974"]
[BlackElo "2110"]
[PlyCount "48"]
[EventDate "2013.07.29"]
[EventType "swiss"]
[EventRounds "11"]
[EventCountry "GBR"]
[Source "John Saunders"]
[SourceDate "2015.07.24"]

1. e4 c5 2. b3 Nf6 3. Nc3 d5 4. exd5 Nxd5 5. Bb2 Nxc3 6. Bxc3 Nc6 7. Nf3 Bg4 8.
h3 Bh5 9. Bb5 Qb6 10. Qe2 a6 11. Bxc6+ Qxc6 12. O-O-O f6 13. Rhe1 Bf7 14. d4
cxd4 15. Bb2 O-O-O 16. Nxd4 Qb6 17. Ne6 Rxd1+ 18. Kxd1 Bxe6 19. Qxe6+ Qxe6 20.
Rxe6 Kd7 21. Rb6 Kc7 22. Re6 Kd7 23. Rb6 Kc7 24. Re6 Kd7 1/2-1/2

[Event "GBR-ch 100th"]
[Site "Torquay"]
[Date "2013.08.03"]
[Round "6"]
[White "Gormally, Daniel"]
[Black "Weller, Jean Luc"]
[Result "1-0"]
[WhiteElo "2496"]
[BlackElo "2172"]
[PlyCount "77"]
[EventDate "2013.07.29"]
[EventType "swiss"]
[EventRounds "11"]
[EventCountry "GBR"]
[Source "John Saunders"]
[SourceDate "2015.07.24"]

1. d4 Nf6 2. Nf3 e6 3. c4 d5 4. g3 Bb4+ 5. Nc3 O-O 6. Bg2 dxc4 7. O-O Nbd7 8.
Qc2 c6 9. e4 Bxc3 10. bxc3 b5 11. e5 Nd5 12. Ng5 g6 13. Ne4 a5 14. Re1 Qb6 15.
Bh6 b4 16. Bxf8 Kxf8 17. Qd2 Kg7 18. a3 b3 19. Nd6 Ba6 20. Re4 Qd8 21. Rh4 h5
22. Re1 N7b6 23. f4 Ne7 24. g4 Nf5 25. gxf5 Qxh4 26. f6+ Kh7 27. Re4 b2 28.
Qxb2 Na4 29. Qc1 Rb8 30. f5 Nxc3 31. fxg6+ fxg6 32. Qxc3 Rb1+ 33. Bf1 Qg5+ 34.
Kf2 Rc1 35. h4 Qxh4+ 36. Rxh4 Rxc3 37. f7 Kg7 38. Rf4 Kf8 39. Rf6 1-0

[Event "GBR-ch 100th"]
[Site "Torquay"]
[Date "2013.08.03"]
[Round "6"]
[White "Hackner, Oskar A"]
[Black "Murphy, Hugh"]
[Result "1-0"]
[WhiteElo "2063"]
[BlackElo "2170"]
[PlyCount "123"]
[EventDate "2013.07.29"]
[EventType "swiss"]
[EventRounds "11"]
[EventCountry "GBR"]
[Source "John Saunders"]
[SourceDate "2015.07.24"]

1. d4 d5 2. c4 e6 3. Nc3 Be7 4. cxd5 exd5 5. Bf4 c6 6. Qc2 Na6 7. a3 g6 8. e3
Bf5 9. Qd2 Nc7 10. f3 Nf6 11. Nge2 O-O 12. g4 Be6 13. Ng3 c5 14. Rc1 c4 15. h4
Nfe8 16. Qh2 f6 17. g5 Bf7 18. gxf6 Bxf6 19. Bh6 Ng7 20. h5 g5 21. Bxg7 Kxg7
22. Nf5+ Kh8 23. Rc2 Be6 24. Nh6 Bg7 25. Ng4 Bxg4 26. fxg4 h6 27. Bg2 b5 28.
Rf1 Rxf1+ 29. Kxf1 a5 30. Qh1 Qd7 31. Bxd5 Rf8+ 32. Bf3 Qxg4 33. Ke2 Qe6 34.
Rd2 b4 35. Ne4 bxa3 36. bxa3 Nd5 37. Bg2 c3 38. Rd3 c2 39. Kd2 Nb6 40. Rc3 Rc8
41. Rxc2 Rxc2+ 42. Kxc2 Qa2+ 43. Kd3 Qxa3+ 44. Nc3 Qb3 45. Bc6 Qc4+ 46. Kc2 Qf7
47. Qb1 Qc7 48. Qb5 g4 49. Qc5 g3 50. Nb5 Qd8 51. Nd6 Qb8 52. Nf5 Bf8 53. Qb5
a4 54. Nh4 Qd8 55. Qe5+ Bg7 56. Ng6+ Kh7 57. Qxg3 Nd5 58. Nf4 Nb4+ 59. Kc3 Qa5
60. Qg6+ Kg8 61. Qe6+ Kh8 62. Qe8+ 1-0

[Event "GBR-ch 100th"]
[Site "Torquay"]
[Date "2013.08.03"]
[Round "6"]
[White "Hebden, Mark"]
[Black "Gordon, Stephen J"]
[Result "1/2-1/2"]
[WhiteElo "2555"]
[BlackElo "2521"]
[PlyCount "76"]
[EventDate "2013.07.29"]
[EventType "swiss"]
[EventRounds "11"]
[EventCountry "GBR"]
[Source "John Saunders"]
[SourceDate "2015.07.24"]

1. d4 Nf6 2. Nf3 g6 3. Nc3 d5 4. Bf4 Bg7 5. Qd2 O-O 6. Bh6 Ne4 7. Qe3 Qd6 8.
Bxg7 Kxg7 9. O-O-O Nxc3 10. Qxc3 Nd7 11. e3 a5 12. Bd3 c6 13. Rhe1 Qb4 14. Qb3
Nf6 15. Ne5 Ng4 16. Nxg4 Bxg4 17. Rd2 Be6 18. h3 Rfc8 19. c3 Qd6 20. Qb6 Qc7
21. Qxc7 Rxc7 22. f4 h5 23. Rf2 Bf5 24. e4 dxe4 25. Bxe4 h4 26. Kd2 e6 27. Ke3
Rd8 28. Rd2 Bxe4 29. Kxe4 c5 30. Red1 f5+ 31. Ke3 Kf6 32. dxc5 Rxd2 33. Rxd2
Rxc5 34. Rd7 b5 35. Rd6 a4 36. Ra6 Rc4 37. Kf3 g5 38. fxg5+ Kxg5 1/2-1/2

[Event "GBR-ch 100th"]
[Site "Torquay"]
[Date "2013.08.03"]
[Round "6"]
[White "Henderson, David"]
[Black "Girdlestone, Paul C"]
[Result "1/2-1/2"]
[WhiteElo "2053"]
[BlackElo "2155"]
[PlyCount "54"]
[EventDate "2013.07.29"]
[EventType "swiss"]
[EventRounds "11"]
[EventCountry "GBR"]
[Source "John Saunders"]
[SourceDate "2015.07.24"]

1. e4 e5 2. Nf3 Nc6 3. Bb5 g6 4. O-O Bg7 5. c3 a6 6. Ba4 Nge7 7. d4 b5 8. Bb3
d6 9. a4 bxa4 10. Bxa4 O-O 11. dxe5 dxe5 12. Qe2 Bb7 13. Be3 h6 14. Bc5 Qd7 15.
Rd1 Qe6 16. Nbd2 Rae8 17. Bb3 Qc8 18. Bc4 Kh7 19. Bxa6 f5 20. Qb5 Bxa6 21. Rxa6
fxe4 22. Nxe4 Rd8 23. Raa1 Qg4 24. Qe2 Rf4 25. Nfg5+ hxg5 26. Qxg4 Rxg4 27.
Rxd8 Nxd8 1/2-1/2